Finančná analýza vybraného podniku diplomová práca

Na minha lista:
Detalhes bibliográficos
Autor principal: Jakubjaková, Ivana
Autor Corporativo: Národohospodárska fakulta EU. Katedra financií
Outros Autores: Belanová, Katarína, 1978-
Formato: Livro
Idioma:eslovaco
Publicado em: Bratislava 2021
Tags: Adicionar Tag
Sem tags, seja o primeiro a adicionar uma tag!

MARC

LEADER 00000nbm a2200000 4500
001 0274187
005 20220104090958.3
041 0 |a slo 
044 |a SK 
245 1 0 |a Finančná analýza vybraného podniku  |b diplomová práca  |c Ivana Jakubjaková ; školiteľ: Katarína Belanová 
264 1 |a Bratislava  |c 2021 
300 |a 82 s. 
100 1 |a Jakubjaková, Ivana 
700 1 |a Belanová, Katarína, 1978- 
710 2 |a Národohospodárska fakulta EU. Katedra financií